000 00613nam a2200193 a 4500
001 000026209
005 20240412074252.0
008 110304s1986 dr 000 p spa d
040 _aDO-SdBNP
_bspa
_cBNPHU
082 _aRD861.44
_bT266
100 1 _aTejera Rosas, Ramón,
_d1943-
_926794
245 1 0 _aMeditación del tiempo /
_cRamón Tejera Rosas.
260 _a[Santo Domingo ] :
_bEditora Montalvo,
_c1986.
300 _a79 P. ;
_c21 cm.
500 _aIncluye datos biográficos del autor en la contracubierta.
650 0 _aPoesía dominicana
_966
650 0 _aLiteratura dominicana.
_967
049 _aBNPD
999 _c25701
_d25701